000 00235nam a2200109Ia 4500
100 _aIreson/W. Grant
942 _cBK
654 _aHandbook
245 _aReliablity Handbook
260 _bMcGraw Hill
_aNEWYORK
_c1966
546 _aENGLISH
999 _c25715
_d25715